| 000 | 00797nas a2200241 4500 | ||
|---|---|---|---|
| 001 | BR0801682 | ||
| 003 | BR-BrBNA | ||
| 005 | 20231205111726.0 | ||
| 007 | ta | ||
| 008 | 230509b bl.|||p| |||| 00| 00por d | ||
| 040 |
_aBR-BrBNA _bpor _cBiblioteca Nacional de Agricultura |
||
| 041 | _a(Pt) | ||
| 072 | _aL70 | ||
| 100 | 1 | _aVercelino, J.R. | |
| 100 | 1 | _aLopes, M.D. | |
| 245 | 1 |
_aPelvimetria para o diagnóstico e prevenção de distocia em cadelas _bRevisão da literatura |
|
| 650 | _aCÃO | ||
| 650 | _aOBSTETRÍCIA | ||
| 650 | _aPELVIS | ||
| 773 | 0 |
_tMEDVEP. Revista Científica de Medicina Veterinária. Pequenos Animais e Animais de Estimação (Brazil) _xISSN 1678-1430 _g(2005), v. 3(10) p. 132-136 _wBR0801682 |
|
| 909 |
_a202311 _bLúcia _c55 _dLúcia Elande |
||
| 942 |
_2AGRIS _n0 _cANA |
||
| 999 |
_c194173 _d194173 |
||